| 000 | 01003cam a2200289 a 4500 | ||
|---|---|---|---|
| 001 | 1598956 | ||
| 003 | ARRUPE | ||
| 005 | 20160824105637.0 | ||
| 008 | 941027s1995 nju b 001 0 eng | ||
| 010 | _a 94042814 | ||
| 020 | _a1569020000 | ||
| 020 | _a1569020019 (pbk.) | ||
| 040 |
_aDLC _cDLC _dDLC |
||
| 043 | _af-et--- | ||
| 050 | 0 | 0 |
_aDT387 _b.T47 1995 |
| 082 | 0 | 0 |
_a963 _220 |
| 100 | 0 |
_aTeshale Tibebu. _925400 |
|
| 245 | 1 | 4 |
_aThe making of modern Ethiopia : _b1896-1974 / _cTeshale Tibebu. |
| 260 |
_aLawrenceville, NJ : _bRed Sea Press, _cc1995. |
||
| 300 |
_axxvii, 246 p. ; _c22 cm. |
||
| 504 | _aIncludes bibliographical references (p. [209]-240) and index. | ||
| 650 |
_aEthiopia _xHistory _y1889-1974. _925401 |
||
| 710 | 2 |
_aThomas Leiper Kane Collection (Library of Congress. Hebraic Section) _5DLC _924290 |
|
| 906 |
_a7 _bcbc _corignew _d1 _eocip _f19 _gy-gencatlg |
||
| 942 |
_2lcc _cMONOGRAPH |
||
| 999 |
_c125116 _d125116 |
||